第50回衆議院総選挙当選者 - Statistics

General Stats
  • This quiz has been taken 187 times
  • The average score is 110 of 465
Answer Stats
選出 所属 議員 % Correct
鳥取1 自民 石破茂
84%
広島1 自民 岸田文雄
84%
千葉14 立憲 野田佳彦
80%
神奈川11 自民 小泉進次郎
80%
香川2 国民 玉木雄一郎
79%
岩手3 立憲 小沢一郎
78%
奈良2 自民 高市早苗
78%
神奈川2 自民 菅義偉
75%
福岡8 自民 麻生太郎
75%
東京24 [無] 萩生田光一
71%
山口3 自民 林芳正
70%
神奈川15 自民 河野太郎
68%
宮城4 立憲 安住淳
65%
愛知1 日保 河村たかし
65%
北海道7 自民 鈴木貴子
64%
埼玉5 立憲 枝野幸男
63%
広島3 公明 斉藤鉄夫
62%
栃木5 自民 茂木敏充
61%
千葉2 自民 小林鷹之
59%
群馬5 自民 小渕優子
58%
東京1 立憲 海江田万里
58%
香川1 立憲 小川淳也
58%
岩手1 立憲 階猛
57%
京都2 維新 前原誠司
57%
岩手2 自民 鈴木俊一
56%
岐阜1 自民 野田聖子
56%
新潟4 立憲 米山隆一
55%
京都3 立憲 泉健太
55%
和歌山2 [無] 世耕弘成
55%
岡山3 自民 加藤勝信
55%
山口2 自民 岸信千世
55%
静岡1 自民 上川陽子
54%
三重3 立憲 岡田克也
54%
鳥取2 自民 赤沢亮正
53%
比例四国 自民 村上誠一郎
52%
大分3 自民 岩屋毅
50%
宮城5 自民 小野寺五典
49%
比例南関東 共産 志位和夫
48%
比例東京 共産 田村智子
48%
大阪17 維新 馬場伸幸
47%
佐賀1 立憲 原口一博
47%
鹿児島4 自民 森山裕
47%
福島2 立憲 玄葉光一郎
46%
東京26 松原仁
46%
愛知2 国民 古川元久
46%
北海道8 立憲 逢坂誠二
45%
福井1 自民 稲田朋美
45%
兵庫9 [無] 西村康稔
45%
島根1 立憲 亀井亜紀子
45%
北海道2 立憲 松木謙公
43%
茨城1 (無) 福島伸享
43%
群馬4 自民 福田達夫
43%
静岡5 自民 細野豪志
43%
滋賀1 維新 斎藤アレックス
43%
岡山1 自民 逢沢一郎
43%
比例近畿(大阪5) れ新 大石晃子
43%
宮城2 立憲 鎌田さゆり
42%
群馬1 自民 中曽根康隆
42%
奈良1 立憲 馬淵澄夫
42%
沖縄1 共産 赤嶺政賢
42%
山形3 自民 加藤鮎子
41%
茨城2 自民 額賀福志郎
41%
福岡9 (無) 緒方林太郎
41%
茨城7 中村勇太
40%
東京8 立憲 吉田晴美
40%
東京27 立憲 長妻昭
39%
新潟1 立憲 西村智奈美
39%
高知1 自民 中谷元
39%
栃木1 自民 船田元
38%
東京17 [無] 平沢勝栄
38%
東京20 自民 木原誠二
38%
大阪12 維新 藤田文武
38%
沖縄2 社民 新垣邦男
38%
北海道1 立憲 道下大樹
37%
北海道4 立憲 大築紅葉
37%
北海道11 立憲 石川香織
37%
東京5 立憲 手塚仁雄
37%
東京29 公明 岡本三成
37%
大分1 (無) 吉良州司
37%
東京18 自民 福田かおる
36%
佐賀2 立憲 大串博志
36%
比例東京(東京24) 立憲 有田芳生
36%
北海道6 自民 東国幹
35%
茨城5 国民 浅野哲
35%
栃木2 立憲 福田昭夫
35%
神奈川8 立憲 江田憲司
35%
東京4 自民 平将明
35%
東京14 自民 松島みどり
35%
長崎1 国民 西岡秀子
35%
熊本1 自民 木原稔
35%
比例東京(東京18) 立憲 松下玲子
35%
比例東京(東京2) 国民 鳩山紀一郎
35%
愛知11 国民 丹野みどり
34%
兵庫2 公明 赤羽一嘉
34%
岡山4 立憲 柚木道義
34%
比例南関東 参政 鈴木敦
34%
千葉12 自民 浜田靖一
33%
神奈川17 自民 牧島かれん
33%
新潟5 立憲 梅谷守
33%
広島4 維新 空本誠喜
33%
比例四国(香川1) 自民 平井卓也
33%
秋田3 国民 村岡敏英
32%
茨城6 立憲 青山大人
32%
神奈川4 立憲 早稲田夕季
32%
東京15 立憲 酒井菜摘
32%
比例南関東(神奈川19) 国民 深作へスス
32%
比例南関東(千葉5) 自民 英利アルフィヤ
32%
京都4 (無) 北神圭朗
31%
京都6 立憲 山井和則
31%
福岡6 自民 鳩山二郎
31%
宮崎2 自民 江藤拓
31%
比例東京(東京15) 自民 大空幸星
31%
比例東京(東京30) 自民 長島昭久
31%
北海道12 自民 武部新
30%
福島1 立憲 金子恵美
30%
埼玉14 国民 鈴木義弘
30%
神奈川1 立憲 篠原豪
30%
愛知7 国民 日野紗里亜
30%
沖縄3 自民 島尻安伊子
30%
北海道3 立憲 荒井優
29%
青森3 立憲 岡田華子
29%
新潟2 立憲 菊田真紀子
29%
兵庫11 自民 松本剛明
29%
徳島1 自民 仁木博文
29%
鹿児島1 立憲 川内博史
29%
比例東北(秋田1) 立憲 寺田学
29%
比例北関東(茨城7) 自民 永岡桂子
29%
比例東京(東京14) れ新 櫛渕万里
29%
青森1 自民 津島淳
28%
神奈川12 立憲 阿部知子
28%
東京2 自民 辻清人
28%
東京3 自民 石原宏高
28%
長野2 立憲 下条みつ
28%
岐阜5 自民 古屋圭司
28%
奈良3 自民 田野瀬太道
28%
比例東京(東京17) 国民 円より子
28%
比例中国(山口2) 立憲 平岡秀夫
28%
北海道9 立憲 山岡達丸
27%
秋田2 立憲 緑川貴士
27%
埼玉6 立憲 大島敦
27%
埼玉7 立憲 小宮山泰子
27%
神奈川7 立憲 中谷一馬
27%
神奈川13 立憲 太栄志
27%
東京7 立憲 松尾明弘
27%
東京30 立憲 五十嵐衣里
27%
静岡4 国民 田中健
27%
静岡6 立憲 渡辺周
27%
広島6 自民 小林史明
27%
大分2 [無] 広瀬建
27%
比例近畿(大阪13) れ新 八幡愛
27%
比例九州 自民 阿部俊子
27%
北海道10 立憲 神谷裕
26%
山形2 自民 鈴木憲和
26%
千葉7 自民 齋藤健
26%
石川3 立憲 近藤和也
26%
福岡10 立憲 城井崇
26%
鹿児島2 [無] 三反園訓
26%
比例北関東(茨城6) 自民 国光文乃
26%
比例北陸信越(福井2) 維新 斉木武志
26%
北海道5 立憲 池田真紀
25%
宮城1 立憲 岡本章子
25%
茨城4 自民 梶山弘志
25%
埼玉3 自民 黄川田仁志
25%
埼玉13 国民 橋本幹彦
25%
千葉1 立憲 田嶋要
25%
神奈川9 立憲 笠浩史
25%
東京9 立憲 山岸一生
25%
東京10 自民 鈴木隼人
25%
新潟3 立憲 黒岩宇洋
25%
長野1 立憲 篠原孝
25%
静岡7 自民 城内実
25%
愛知12 立憲 重徳和彦
25%
三重1 自民 田村憲久
25%
三重4 自民 鈴木英敬
25%
京都1 自民 勝目康
25%
兵庫8 公明 中野洋昌
25%
香川3 自民 大野敬太郎
25%
沖縄4 自民 西銘恒三郎
25%
比例東北(秋田3) 自民 御法川信英
25%
比例北関東(埼玉13) れ新 高井崇志
25%
比例近畿(和歌山1) 維新 林佑美
25%
比例中国(岡山2) 立憲 津村啓介
25%
比例九州(福岡5) 立憲 堤かなめ
25%
山形1 自民 遠藤利明
24%
茨城3 自民 葉梨康弘
24%
埼玉16 自民 土屋品子
24%
千葉5 立憲 矢崎堅太郎
24%
富山3 自民 橘慶一郎
24%
岐阜4 立憲 今井雅人
24%
静岡8 立憲 源馬謙太郎
24%
愛知3 立憲 近藤昭一
24%
愛知10 立憲 藤原規眞
24%
京都5 自民 本田太郎
24%
兵庫10 自民 渡海紀三朗
24%
岡山2 自民 山下貴司
24%
広島5 立憲 佐藤公治
24%
宮崎1 立憲 渡辺創
24%
比例東京(東京10) 立憲 鈴木庸介
24%
比例近畿 日保 島田洋一
24%
比例九州(沖縄1) 自民 國場幸之助
24%
栃木3 自民 簗和生
23%
大阪3 維新 東徹
23%
兵庫1 立憲 井坂信彦
23%
比例北陸信越(長野3) 自民 井出庸生
23%
比例九州 参政 吉川里奈
23%
埼玉1 自民 村井英樹
22%
埼玉11 自民 小泉龍司
22%
千葉3 自民 松野博一
22%
山梨2 自民 堀内詔子
22%
東京11 立憲 阿久津幸彦
22%
東京25 自民 井上信治
22%
大阪18 維新 遠藤敬
22%
兵庫12 自民 山口壯
22%
鹿児島3 立憲 野間健
22%
比例東北 立憲 馬場雄基
22%
比例南関東(神奈川18) 自民 山際大志郎
22%
比例北陸信越(石川1) 国民 小竹凱
22%
比例北陸信越(石川3) 自民 西田昭二
22%
比例近畿(大阪10) 立憲 尾辻かな子
22%
比例中国(広島4) 自民 寺田稔
22%
福島3 立憲 小熊慎司
21%
群馬2 自民 井野俊郎
21%
群馬3 自民 笹川博義
21%
千葉11 自民 森英介
21%
山梨1 立憲 中島克仁
21%
東京6 立憲 落合貴之
21%
富山1 自民 田畑裕明
21%
愛知16 国民 福田徹
21%
比例東北(青森1) 立憲 升田世喜男
21%
比例中国(広島2) 国民 福田玄
21%
比例九州(宮崎2) 国民 長友慎治
21%
比例九州(福岡2) 自民 鬼木誠
21%
比例九州(長崎2) 立憲 山田勝彦
21%
青森2 自民 神田潤一
20%
埼玉2 自民 新藤義孝
20%
大阪10 維新 池下卓
20%
比例北海道 自民 伊東良孝
20%
比例北海道(北海道12) 立憲 川原田英世
20%
比例北海道(北海道8) 自民 向山淳
20%
比例東北 自民 森下千里
20%
比例近畿(兵庫3) 国民 向山好一
20%
比例中国 自民 吉田真次
20%
千葉4 立憲 水沼秀幸
19%
千葉8 立憲 本庄知史
19%
神奈川6 立憲 青柳陽一郎
19%
長野5 自民 宮下一郎
19%
大阪19 維新 伊東信久
19%
兵庫5 自民 谷公一
19%
広島2 自民 平口洋
19%
福岡2 立憲 稲富修二
19%
福岡11 維新 村上智信
19%
宮崎3 自民 古川禎久
19%
比例南関東(千葉11) れ新 多ケ谷亮
19%
比例南関東(千葉5) 国民 岡野純子
19%
比例東京(東京13) 国民 森洋介
19%
比例北陸信越(福井1) 立憲 波多野翼
19%
東京12 自民 高木啓
18%
東京22 立憲 山花郁夫
18%
長野3 立憲 神津健
18%
大阪2 維新 守島正
18%
高知2 自民 尾崎正直
18%
比例北海道(北海道7) 立憲 篠田奈保子
18%
比例北関東(埼玉1) 立憲 武正公一
18%
比例北関東(栃木4) 自民 佐藤勉
18%
比例南関東(神奈川7) 自民 鈴木馨祐
18%
神奈川20 立憲 大塚小百合
17%
長野4 自民 後藤茂之
17%
岐阜2 自民 棚橋泰文
17%
愛知6 自民 丹羽秀樹
17%
山口1 自民 高村正大
17%
徳島2 自民 山口俊一
17%
熊本3 自民 坂本哲志
17%
比例北海道(北海道6) 立憲 西川将人
17%
比例東北(福島5) 自民 根本拓
17%
比例南関東(神奈川10) 維新 金村龍那
17%
比例北陸信越(富山1) 立憲 山登志浩
17%
比例近畿(大阪8) 国民 平岩征樹
17%
比例九州(福岡4) 国民 許斐亮太郎
17%
神奈川14 自民 赤間二郎
16%
東京13 自民 土田慎
16%
東京21 立憲 大河原雅子
16%
愛知14 自民 今枝宗一郎
16%
大阪5 維新 梅村聡
16%
兵庫6 立憲 桜井周
16%
比例北海道 国民 臼木秀剛
16%
比例南関東(千葉10) 立憲 谷田川元
16%
比例近畿 共産 辰巳孝太郎
16%
比例近畿(京都2) 共産 堀川朗子
16%
比例九州(大分2) 立憲 吉川元
16%
秋田1 自民 冨樫博之
15%
福島4 自民 坂本竜太郎
15%
栃木4 立憲 藤岡隆雄
15%
埼玉8 自民 柴山昌彦
15%
千葉13 自民 松本尚
15%
神奈川5 自民 坂井学
15%
神奈川16 立憲 後藤祐一
15%
東京19 立憲 末松義規
15%
東京23 立憲 伊藤俊輔
15%
石川2 自民 佐々木紀
15%
福井2 立憲 辻英之
15%
静岡2 自民 井林辰憲
15%
大阪4 維新 美延映夫
15%
兵庫3 自民 関芳弘
15%
和歌山1 自民 山本大地
15%
長崎3 自民 金子容三
15%
比例北海道(北海道4) 自民 中村裕之
15%
比例北関東(群馬3) 立憲 長谷川嘉一
15%
比例南関東(神奈川8) 自民 三谷英弘
15%
比例東京(東京12) 維新 阿部司
15%
比例東海(岐阜5) 立憲 眞野哲
15%
比例東海(岐阜3) れ新 阪口直人
15%
比例近畿(大阪16) 立憲 森山浩行
15%
比例近畿(兵庫7) 維新 三木圭恵
15%
比例近畿(兵庫9) 立憲 橋本慧悟
15%
比例近畿(兵庫6) 自民 大串正樹
15%
比例近畿(兵庫7) 立憲 岡田悟
15%
比例近畿(滋賀3) 参政 北野裕子
15%
比例四国(香川2) 自民 瀬戸隆一
15%
比例九州(沖縄2) 自民 宮崎政久
15%
宮城3 立憲 柳沢剛
14%
神奈川18 立憲 宗野創
14%
岐阜3 自民 武藤容治
14%
愛知4 立憲 牧義夫
14%
大阪11 維新 中司宏
14%
島根2 自民 高見康裕
14%
愛媛1 自民 塩崎彰久
14%
熊本4 自民 金子恭之
14%
比例東北(山形2) 国民 菊池大二郎
14%
比例北関東(埼玉16) 立憲 三角創太
14%
比例北関東(茨城1) 自民 田所嘉徳
14%
比例東海(静岡4) 自民 深澤陽一
14%
比例東海(岐阜3) 国民 仙田晃宏
14%
比例東海(三重2) 自民 川崎秀人
14%
比例近畿(奈良1) 自民 小林茂樹
14%
比例四国(愛媛1) 国民 石井智恵
14%
埼玉4 自民 穂坂泰
13%
千葉9 立憲 奥野総一郎
13%
神奈川19 自民 草間剛
13%
富山2 自民 上田英俊
13%
静岡3 立憲 小山展弘
13%
滋賀2 自民 上野賢一郎
13%
兵庫4 自民 藤井比早之
13%
比例東北 自民 江渡聡徳
13%
比例南関東(神奈川12) 自民 星野剛士
13%
比例近畿(兵庫6) 維新 市村浩一郎
13%
神奈川3 自民 中西健治
12%
神奈川10 自民 田中和徳
12%
福岡4 自民 宮内秀樹
12%
福岡5 自民 栗原渉
12%
長崎2 自民 加藤竜祥
12%
比例北海道 公明 佐藤英道
12%
比例北関東 共産 塩川鉄也
12%
比例北関東(埼玉12) 自民 野中厚
12%
比例南関東(山梨1) 自民 中谷真一
12%
比例中国 自民 平沼正二郎
12%
比例中国 自民 石橋林太郎
12%
比例九州(沖縄3) 立憲 屋良朝博
12%
比例九州(鹿児島1) 自民 宮路拓馬
12%
東京28 立憲 高松智之
11%
石川1 自民 小森卓郎
11%
愛知8 立憲 伴野豊
11%
愛知13 立憲 大西健介
11%
大阪13 維新 岩谷良平
11%
大阪14 維新 青柳仁士
11%
福岡3 自民 古賀篤
11%
熊本2 自民 西野太亮
11%
比例東北(秋田2) 自民 福原淳嗣
11%
比例東北(福島4) 立憲 齋藤裕喜
11%
比例東京(東京19) 自民 松本洋平
11%
比例東京(東京3) 立憲 阿部祐美子
11%
比例東海(愛知10) 維新 杉本和巳
11%
比例九州(沖縄4) れ新 山川仁
11%
東京16 自民 大西洋平
10%
愛知5 立憲 西川厚志
10%
三重2 立憲 下野幸助
10%
滋賀3 自民 武村展英
10%
大阪15 維新 浦野靖人
10%
愛媛2 立憲 白石洋一
10%
比例北関東(埼玉4) 国民 岸田光広
10%
比例北関東(栃木2) 自民 五十嵐清
10%
比例南関東(神奈川18) 国民 西岡義高
10%
比例北陸信越 自民 国定勇人
10%
比例北陸信越(新潟3) 自民 斎藤洋明
10%
比例東海(静岡6) 自民 勝俣孝明
10%
比例東海 日保 竹上裕子
10%
比例近畿(大阪15) 自民 島田智明
10%
比例九州(佐賀1) 自民 岩田和親
10%
埼玉15 自民 田中良生
9%
千葉10 自民 小池正昭
9%
愛知15 自民 根本幸典
9%
大阪8 維新 漆間譲司
9%
愛媛3 自民 長谷川淳二
9%
比例東京(東京28) 自民 安藤高夫
9%
比例東海(愛知10) 自民 若山慎司
9%
比例東海(愛知15) 立憲 小山千帆
9%
比例近畿(滋賀1) 自民 大岡敏孝
9%
比例近畿(兵庫2) 維新 阿部圭史
9%
比例四国(徳島1) 立憲 高橋永
9%
埼玉10 立憲 坂本祐之輔
8%
埼玉12 立憲 森田俊和
8%
千葉6 立憲 安藤淳子
8%
福岡7 自民 藤丸敏
8%
比例南関東(神奈川17) 立憲 佐々木奈保美
8%
比例南関東(千葉13) 立憲 宮川伸
8%
比例南関東(千葉6) 維新 藤巻健太
8%
比例中国 自民 新谷正義
8%
比例九州(佐賀2) 自民 古川康
8%
埼玉9 立憲 杉村慎治
7%
兵庫7 自民 山田賢司
7%
福岡1 自民 井上貴博
7%
比例東北 れ新 佐原若子
7%
比例北関東(埼玉7) 自民 中野英幸
7%
比例北関東(埼玉8) 立憲 市来伴子
7%
比例東京(東京22) 自民 伊藤達也
7%
比例東京(東京17) 維新 猪口幸子
7%
比例北陸信越(長野5) 立憲 福田淳太
7%
比例東海 共産 本村伸子
7%
比例東海(三重1) 立憲 福森和歌子
7%
比例東海(愛知8) 自民 伊藤忠彦
7%
比例九州(福岡4) 維新 阿部弘樹
7%
比例九州 共産 田村貴昭
7%
愛知9 立憲 岡本充功
6%
大阪6 維新 西田薫
6%
比例北関東(埼玉2) 維新 高橋英明
6%
比例南関東(神奈川6) 自民 古川直季
6%
比例南関東(神奈川14) 立憲 長友克洋
6%
比例南関東(神奈川5) 立憲 山崎誠
6%
比例東海(愛知16) 立憲 松田功
6%
比例東海(愛知4) 自民 工藤彰三
6%
比例近畿 公明 竹内譲
6%
比例近畿 自民 石田真敏
6%
比例近畿 公明 鰐淵洋子
6%
比例近畿(兵庫3) 維新 和田有一朗
6%
比例中国(広島3) 立憲 東克哉
6%
大阪1 維新 井上英孝
5%
大阪7 維新 奥下剛光
5%
大阪16 維新 黒田征樹
5%
比例北関東(埼玉3) 立憲 竹内千春
5%
比例南関東(千葉3) 立憲 岡島一正
5%
比例東京 公明 河西宏一
5%
比例東京(東京16) 立憲 柴田勝之
5%
比例東海(静岡2) 立憲 鈴木岳幸
5%
比例近畿 自民 小寺裕雄
5%
比例近畿(兵庫8) 維新 徳安淳子
5%
比例近畿 公明 浮島智子
5%
比例近畿(兵庫12) 維新 池畑浩太朗
5%
大阪9 維新 萩原佳
4%
比例北陸信越 公明 中川宏昌
4%
比例東海(愛知14) 立憲 大嶽理恵
4%
比例東海(愛知9) 自民 長坂康正
4%
比例東海 れ新 上村英明
4%
比例中国 公明 平林晃
4%
比例北関東 公明 輿水恵一
3%
比例東北 公明 庄子賢一
2%
比例北関東 公明 福重隆浩
2%
比例北関東 公明 山口良治
2%
比例南関東 公明 沼崎満子
2%
比例四国 公明 山崎正恭
2%
比例九州 公明 吉田宣弘
2%
比例九州 公明 金城泰邦
2%
比例南関東 公明 角田秀穂
1%
比例東海 公明 中川康洋
1%
比例九州 公明 浜地雅一
1%
比例東京 公明 大森江里子
0%
比例東海 公明 西園勝秀
0%
No matching quizzes found
Score Distribution
Percent of People with Each Score
Percentile by Number Answered
Your Score History
You have not taken this quiz